| 000 | 00671nam a22002057a 4500 | ||
|---|---|---|---|
| 999 |
_c6954 _d6954 |
||
| 003 | OSt | ||
| 005 | 20211025155448.0 | ||
| 008 | 210518b ||||| |||| 00| 0 eng d | ||
| 020 | _a9780128012246 | ||
| 040 | _cDDC | ||
| 082 | _a660.6 REN 2017 | ||
| 100 |
_aRenneberg, Reinhard; Berkling,Viola; Loroch, Vanya; _914264 |
||
| 245 |
_aBiotechnology for beginners: _cEdited by Renneberg,Reinhard; Berkling,Viola and Loroch,Vanya; |
||
| 250 | _a2nd ed. | ||
| 260 |
_a Singapore. _bAcademic Press. _c©2017 |
||
| 300 |
_axxviii,405p; _bcol ill ; _c28cm |
||
| 504 | _aIncludes; bibliographical references and index. | ||
| 650 |
_aBiotechnology. _94840 |
||
| 942 |
_2ddc _cO_SHELF |
||